| 000 | 00000nam 2200000zi 4500 |
| 001 | 9.947352 |
| 003 | CaOODSP |
| 005 | 20250124124118 |
| 006 | m o d f |
| 007 | cr mn||||||||| |
| 008 | 250124e197012 onc obs f000 0 eng d |
| 040 | |aCaOODSP|beng|erda|cCaOODSP |
| 043 | |an-cn--- |
| 086 | 1 |aId35-7/1970E-PDF |
| 245 | 00|aVariety cheese in Canada : |bproduction and imports / |cprepared by Agriculture, Fisheries and Food Products Branch, Department of Industry, Trade & Commerce. |
| 264 | 1|aOttawa, Canada : |bDepartment of Industry, Trade and Commerce, |cDecember 1970. |
| 300 | |a1 online resource (51 pages) |
| 336 | |atext|btxt|2rdacontent |
| 337 | |acomputer|bc|2rdamedia |
| 338 | |aonline resource|bcr|2rdacarrier |
| 500 | |aDigitized edition from print [produced by Innovation, Science and Economic Development Canada]. |
| 504 | |aIncludes bibliographical references. |
| 650 | 0|aCheese industry|zCanada|vStatistics. |
| 650 | 0|aCheese|xVarieties|zCanada|vStatistics. |
| 650 | 6|aFromage|xIndustrie|zCanada|vStatistiques. |
| 650 | 6|aFromage|xVariétés|zCanada|vStatistiques. |
| 655 | 7|aStatistics|2lcgft |
| 655 | 7|aStatistiques|2rvmgf |
| 710 | 1 |aCanada. |bDepartment of Industry, Trade and Commerce. |bAgriculture, Fisheries and Food Products Branch, |eissuing body. |
| 794 | |tVariety cheese in Canada : |w(CaOODSP)9.933099 |
| 856 | 40|qPDF|s1.19 MB|uhttps://publications.gc.ca/collections/collection_2025/isde-ised/Id35-7-1970-eng.pdf |